[Event "Fide Mercenarios 39th"]
[Site "Mexico City"]
[Date "1999.??.??"]
[Round "4"]
[White "Hernandez Guerrero, Yadira"]
[Black "Halfon, Enrique"]
[Result "1-0"]
[WhiteElo "2205"]
[BlackElo "2145"]
[PlyCount "65"]
[EventDate "1999.??.??"]
[EventType "tourn"]
[EventRounds "11"]
[EventCountry "MEX"]
[SourceTitle "EXT 2000"]
[Source "ChessBase"]
[SourceDate "1999.11.16"]
[SourceVersion "1"]
[SourceVersionDate "1999.11.16"]
[SourceQuality "1"]

1. d4 a6 2. g3 Nf6 3. Bg2 d5 4. Nf3 Nc6 5. c4 e6 6. Nc3 Bb4 7. c5 Ne4 8. Bd2 0-0 9. 0-0 Bxc3 10. Bxc3 Nxc3 11. bxc3 Bd7 12. a4 f6 13. Qc2 b5 14. cxb6 cxb6 15. e4 dxe4 16. Qxe4 Ne7 17. Nd2 Rc8 18. c4 Nc6 19. Nf3 Na5 20. Rac1 Re8 21. c5 bxc5 22. dxc5 Bc6 23. Qh4 Qe7 24. Qb4 Nb7 25. Qb6 Bxf3 26. Bxf3 Nxc5 27. Bc6 Nd3 28. Rb1 Red8 29. Bg2 Nc5 30. a5 Rd6 31. Qb4 Qd8 32. Rfc1 Qc7 33. Rc4 1-0

[Event "Fide Mercenarios 9th"]
[Site "Mexico City"]
[Date "1995.??.??"]
[Round "2"]
[White "Araiza Nieto, Edgar"]
[Black "Halfon, Enrique"]
[Result "1-0"]
[WhiteElo "2075"]
[BlackElo "2000"]
[PlyCount "119"]
[EventDate "1995.??.??"]
[EventType "tourn"]
[EventRounds "11"]
[EventCountry "MEX"]
[SourceTitle "EXT 2000"]
[Source "ChessBase"]
[SourceDate "1999.11.16"]
[SourceVersion "1"]
[SourceVersionDate "1999.11.16"]
[SourceQuality "1"]

1. e4 a6 2. d4 b5 3. c4 e6 4. cxb5 axb5 5. Bxb5 Bb7 6. Nc3 Bb4 7. Bd3 Nf6 8. f3 c5 9. Be3 cxd4 10. Bxd4 Nc6 11. Be3 d5 12. Nge2 dxe4 13. Bxe4 Nxe4 14. Qxd8+ Nxd8 15. fxe4 Bxe4 16. 0-0 Bd3 17. Rfd1 Ba6 18. a3 Be7 19. b4 Bc4 20. Nd4 0-0 21. Ne4 f5 22. Rdc1 Bd5 23. Nc5 f4 24. Bf2 Bg5 25. h4 Bf6 26. Nd7 Rf7 27. Nb6 Ra6 28. Nxd5 exd5 29. a4 Ne6 30. Nxe6 Rxe6 31. Rc8+ Rf8 32. Rxf8+ Kxf8 33. Rd1 Ra6 34. Bc5+ Be7 35. Rxd5 Bxc5+ 36. Rxc5 Rxa4 37. Rf5+ Ke7 38. Rxf4 Ke6 39. Kf2 Ra2+ 40. Kf3 Rb2 41. Rc4 h5 42. Rc6+ Kd7 43. Rb6 Kc7 44. Rg6 Rb3+ 45. Kf2 Rb2+ 46. Kg3 Rb3+ 47. Kh2 Rxb4 48. Rxg7+ Kd6 49. Rg6+ Ke7 50. Kg3 Rb8 51. Kf4 Kf7 52. Kg5 Rh8 53. g3 Rh7 54. Rh6 Rg7+ 55. Kf4 Rg4+ 56. Kf3 Rc4 57. Rxh5 Kg6 58. Re5 Ra4 59. Re4 Ra1 60. Kg4 1-0

[Event "Fide Mercenarios 9th"]
[Site "Mexico City"]
[Date "1995.??.??"]
[Round "1"]
[White "Halfon, Enrique"]
[Black "Araiza Munoz, Victor Fernando"]
[Result "1-0"]
[WhiteElo "2000"]
[BlackElo "2015"]
[PlyCount "57"]
[EventDate "1995.??.??"]
[EventType "tourn"]
[EventRounds "11"]
[EventCountry "MEX"]
[SourceTitle "EXT 2000"]
[Source "ChessBase"]
[SourceDate "1999.11.16"]
[SourceVersion "1"]
[SourceVersionDate "1999.11.16"]
[SourceQuality "1"]

1. f4 d5 2. e3 c5 3. b3 d4 4. e4 Nf6 5. e5 Nd5 6. Qf3 Bf5 7. Bb5+ Nc6 8. Na3 h5 9. Ne2 a6 10. Bxc6+ bxc6 11. Ng3 Bg4 12. Qf2 h4 13. Ne4 e6 14. Nc4 Bf5 15. Ncd6+ Bxd6 16. Nxd6+ Kf8 17. Ba3 Qa5 18. Nc4 Qb5 19. Qxd4 Kg8 20. Bxc5 Nxf4 21. a4 Nxg2+ 22. Kf2 Qb8 23. Kxg2 Bxc2 24. Nb6 Bxb3 25. Rhb1 Bd5+ 26. Nxd5 cxd5 27. Rxb8+ Rxb8 28. Bd6 Rc8 29. Rb1 1-0

[Event "Fide Mercenarios 6th"]
[Site "Mexico City"]
[Date "1995.??.??"]
[Round "4"]
[White "Halfon, Enrique"]
[Black "Araiza Nieto, Edgar"]
[Result "1/2-1/2"]
[WhiteElo "2000"]
[BlackElo "2075"]
[PlyCount "122"]
[EventDate "1995.??.??"]
[EventType "tourn"]
[EventRounds "11"]
[EventCountry "MEX"]
[SourceTitle "EXT 2000"]
[Source "ChessBase"]
[SourceDate "1999.11.16"]
[SourceVersion "1"]
[SourceVersionDate "1999.11.16"]
[SourceQuality "1"]

1. f4 Nf6 2. Nf3 g6 3. b3 Bg7 4. Bb2 0-0 5. e3 d6 6. Bd3 Nbd7 7. 0-0 e5 8. fxe5 Ng4 9. Nc3 Ndxe5 10. Be2 Nxf3+ 11. Bxf3 Qh4 12. Bxg4 Bxg4 13. Qe1 Qh5 14. Nd1 Rae8 15. Bxg7 Kxg7 16. Qf2 Qe5 17. Nc3 g5 18. Rae1 Re6 19. Ne2 Bxe2 20. Qxe2 Rh6 21. h3 f5 22. d4 Qe4 23. c4 Re6 24. Qf3 Qxf3 25. Rxf3 Re4 26. Ref1 Kg6 27. Rd1 h5 28. Kf2 Rfe8 29. g3 g4 30. hxg4 hxg4 31. Rf4 Rxe3 32. Kg2 Kg5 33. Rdf1 Re2+ 34. Kg1 Rf8 35. R1f2 Rxf2 36. Rxf2 Re8 37. d5 Re4 38. Rc2 b6 39. Kf1 a5 40. Rh2 Re7 41. Rh8 Kf6 42. Kf2 a4 43. Ra8 axb3 44. axb3 Ke5 45. Rf8 Ke4 46. Rf6 Rh7 47. Kg2 Rg7 48. Rf8 Kd4 49. Rxf5 Kc3 50. Kf2 Kxb3 51. Rf4 Kb4 52. Ke3 b5 53. cxb5+ Kxb5 54. Kd4 c5+ 55. dxc6 Kxc6 56. Rf8 Ra7 57. Rf4 Ra4+ 58. Ke3 Kb5 59. Rf5+ Kc6 60. Rf4 Ra3+ 61. Kf2 Ra2+ 1/2-1/2

[Event "Fide Mercenarios 9th"]
[Site "Mexico City"]
[Date "1995.??.??"]
[Round "3"]
[White "Halfon, Enrique"]
[Black "Ferriz Carrasquedo, Alfonso"]
[Result "1-0"]
[WhiteElo "2000"]
[BlackElo "2165"]
[PlyCount "131"]
[EventDate "1995.??.??"]
[EventType "tourn"]
[EventRounds "11"]
[EventCountry "MEX"]
[SourceTitle "EXT 2000"]
[Source "ChessBase"]
[SourceDate "1999.11.16"]
[SourceVersion "1"]
[SourceVersionDate "1999.11.16"]
[SourceQuality "1"]

1. f4 e5 2. fxe5 d6 3. exd6 Bxd6 4. Nf3 g5 5. g3 g4 6. Nh4 Ne7 7. e4 Ng6 8. Nf5 h5 9. d4 Nc6 10. Bb5 a6 11. Bxc6+ bxc6 12. Nxd6+ cxd6 13. 0-0 h4 14. Nc3 hxg3 15. hxg3 Nh4 16. Bf4 Nf3+ 17. Rxf3 gxf3 18. Qxf3 Qb6 19. Be3 Qxb2 20. Rf1 Ra7 21. Ne2 f5 22. exf5 Qxc2 23. Rc1 Qxf5 24. Qxc6+ Bd7 25. Qxd6 Rh1+ 26. Kxh1 Qf3+ 27. Kg1 Qxe3+ 28. Kf1 Bh3+ 29. Ke1 Re7 30. Qb8+ Kf7 31. Qb3+ Qxb3 32. axb3 Bg4 33. Rc2 Re3 34. Kf2 Rf3+ 35. Kg2 Rxb3 36. Nf4 Ke7 37. d5 a5 38. Rc7+ Kd6 39. Ra7 Rb2+ 40. Kf1 Ra2 41. Ra6+ Kd7 42. Ke1 a4 43. Nd3 Kc7 44. d6+ Kb8 45. Ne5 Re2+ 46. Kf1 Rd2 47. Rxa4 Bh3+ 48. Ke1 Rxd6 49. Ke2 Rd5 50. Nd3 Bf1+ 51. Kxf1 Rxd3 52. Kf2 Kc7 53. Re4 Kd6 54. Kg2 Ra3 55. Kh3 Ra1 56. g4 Ra8 57. Kg3 Kd5 58. Rf4 Ke6 59. g5 Ra1 60. Kg4 Ke5 61. Rf8 Ke6 62. g6 Ke7 63. Rf2 Ke8 64. Kg5 Ke7 65. g7 Rg1+ 66. Kh6 1-0

[Event "Fide Mercenarios 6th"]
[Site "Mexico City"]
[Date "1995.??.??"]
[Round "5"]
[White "Sorensen, J."]
[Black "Halfon, Enrique"]
[Result "0-1"]
[WhiteElo "2000"]
[BlackElo "2000"]
[PlyCount "80"]
[EventDate "1995.??.??"]
[EventType "tourn"]
[EventRounds "11"]
[EventCountry "MEX"]
[SourceTitle "EXT 2000"]
[Source "ChessBase"]
[SourceDate "1999.11.16"]
[SourceVersion "1"]
[SourceVersionDate "1999.11.16"]
[SourceQuality "1"]

1. e4 e6 2. d4 a6 3. Nc3 b5 4. Bd3 Bb7 5. Nf3 c5 6. 0-0 c4 7. Be2 Qc7 8. a3 Nf6 9. Bg5 h6 10. Bxf6 gxf6 11. d5 Bc5 12. Qd2 d6 13. Nh4 h5 14. Qd1 Nd7 15. dxe6 fxe6 16. Bxh5+ Kd8 17. Ng6 Rh6 18. Nf4 Nf8 19. Qg4 Qe7 20. Rfe1 Qh7 21. Ncd5 exd5 22. exd5 Kc7 23. Re2 Bd4 24. Bg6 Rxg6 25. Nxg6 Nxg6 26. Qxd4 Rh8 27. h3 Ne5 28. f4 Qxh3 29. fxe5 Qh2+ 30. Kf2 fxe5 31. Qg4 Rf8+ 32. Ke1 Qh1+ 33. Kd2 Qh6+ 34. Kc3 Bxd5 35. Rd1 Bc6 36. Red2 Qe3+ 37. Kb4 Kb6 38. Rd3 cxd3 39. Rxd3 Rf4+ 40. Kb3 Bd5+ 0-1

[Event "Fide Mercenarios 3th"]
[Site "Mexico City"]
[Date "1995.??.??"]
[Round "3"]
[White "Vazquez, Elias"]
[Black "Halfon, Enrique"]
[Result "0-1"]
[WhiteElo "2000"]
[BlackElo "2000"]
[PlyCount "128"]
[EventDate "1995.??.??"]
[EventType "tourn"]
[EventRounds "11"]
[EventCountry "MEX"]
[SourceTitle "EXT 2000"]
[Source "ChessBase"]
[SourceDate "1999.11.16"]
[SourceVersion "1"]
[SourceVersionDate "1999.11.16"]
[SourceQuality "1"]

1. c4 f5 2. e4 fxe4 3. d3 d6 4. dxe4 g6 5. Nc3 Bg7 6. Nf3 Nc6 7. Be3 Nf6 8. c5 Ng4 9. Qd2 Nxe3 10. Qxe3 dxc5 11. Qxc5 Qd6 12. Qe3 Nb4 13. Rc1 Bd7 14. a3 Na6 15. Nb5 Qb6 16. Qxb6 cxb6 17. b4 0-0 18. Bc4+ Kh8 19. Nbd4 Rac8 20. 0-0 Bh6 21. Rc2 Ba4 22. Bxa6 bxa6 23. Rb2 Rc3 24. Ra2 Rfc8 25. g4 R8c4 26. Kg2 Rd3 27. Re1 Bd1 28. Ra1 Ba4 29. Ne6 Bd7 30. Ne5 Bxe6 31. Nxd3 Rc3 32. g5 Bxg5 33. f4 Bh6 34. Red1 Bc4 35. Ne5 Bxf4 36. Rd8+ Kg7 37. Nxc4 Rxc4 38. Rd7 Kf6 39. Kf3 Bc7 40. Rd3 Bxh2 41. Rh1 Rc2 42. Rd7 Bd6 43. Re1 Bc7 44. Rh1 h5 45. Ke3 Ke6 46. Rd3 b5 47. a4 bxa4 48. Ra3 Rc4 49. Rg1 Bb6+ 50. Kd3 Rxb4 51. Rxg6+ Kd7 52. Rh6 Rd4+ 53. Kc2 Rxe4 54. Rxh5 e5 55. Rh6 a5 56. Rg3 Rc4+ 57. Kd3 Rd4+ 58. Kc3 Kc8 59. Rg7 Rd8 60. Rc6+ Kb8 61. Kc4 Bd4 62. Kb5 a3 63. Ka6 a2 64. Rb7+ Ka8 0-1